| 000 | 00606nam a22002057a 4500 | ||
|---|---|---|---|
| 999 |
_c21194 _d21194 |
||
| 003 | AR-CdUCM | ||
| 008 | 190305b ||||| |||| 00| 0 spa d | ||
| 020 | _a9786120033746 | ||
| 040 |
_aMUNICIPALIDAD PROVINCIAL DEL CUSCO _cBIBLIOTECA MUNICIPAL DEL CUSCO |
||
| 082 |
_a985.62 / G17 _bG17 |
||
| 100 |
_aGamarra Salas, Nilo _944284 |
||
| 245 | _a36 angles of Machupicchu / | ||
| 260 |
_aCusco : _bLezama, _c2018. |
||
| 300 |
_a122 páginas ; _c20 cm. |
||
| 500 | _aLibro en idioma Ingles | ||
| 650 |
_aMachupicchu _91751 |
||
| 650 |
_aLiteratura Cusqueña _97280 |
||
| 942 |
_2ddc _cLIBROS |
||
| 945 | _aRoel | ||